00432pab a2200157 454500008004000000100002100040245009500061260000900156300001500165362000800180650001700188650001300205650001800218700002200236773001600258180718b2011 xxu||||| |||| 00| 0 eng d aShannon, Patrick aIdentification and assessment of children with developmental disabilities in child welfare c2011 ap.297-305. aOct aDisabilities aChildren aChild welfare aTappan, Christine aSocial Work